[Event "DVM U14 2022"]
[Site "Kelheim GER"]
[Date "2022.12.27"]
[Round "1"]
[White "Großmann, Moritz"]
[Black "Kellner, Anton"]
[Result "1/2-1/2"]
[Termination "normal"]
[Board "4.4"]
[WhiteElo "1372"]
[BlackElo "1330"]
[WhiteClock "00:34:40"]
[BlackClock "00:42:59"]
[WhiteTeam "SG Königskinder Hohentübingen e.V."]
[BlackTeam "Hamburger SK von 1830 eV"]
[PlyCount "97"]
[WhiteFideId "34640266"]
[BlackFideId "16293185"]
[EventCountry "GER"]
[EventRounds "7"]
[EventType "team-swiss"]
[EventDate "2022.12.26"]

1. d4 {[%clk 01:30:56]} {[%emt 00:00:03]} Nf6 {[%clk 01:30:49]} {[%emt
00:00:12]} 2. Nf3 {[%clk 01:31:16]} {[%emt 00:00:10]} d5 {[%clk 01:30:24]}
{[%emt 00:00:54]} 3. e3 {[%clk 01:31:31]} {[%emt 00:00:15]} Bf5 {[%clk
01:30:20]} {[%emt 00:00:34]} 4. Bd3 {[%clk 01:31:27]} {[%emt 00:00:34]} Bxd3
{[%emt 00:00:54]} 5. cxd3 {[%clk 01:31:21]} {[%emt 00:00:34]} e6 {[%clk
01:29:51]} {[%emt 00:00:37]} 6. O-O {[%clk 01:30:57]} {[%emt 00:00:54]} c5
{[%clk 01:29:45]} {[%emt 00:00:36]} 7. dxc5 {[%clk 01:24:18]} {[%emt 00:07:10]}
Bxc5 {[%clk 01:29:37]} {[%emt 00:00:38]} 8. d4 {[%clk 01:24:13]} {[%emt
00:00:34]} Bd6 {[%clk 01:29:35]} {[%emt 00:00:29]} 9. Nc3 {[%clk 01:20:57]}
{[%emt 00:03:49]} O-O {[%clk 01:29:25]} {[%emt 00:00:40]} 10. Qd3 {[%clk
01:20:32]} {[%emt 00:00:55]} Nc6 {[%clk 01:27:56]} {[%emt 00:01:58]} 11. a3
{[%clk 01:20:47]} {[%emt 00:00:15]} Bc7 {[%clk 01:26:02]} {[%emt 00:02:20]} 12.
Bd2 {[%clk 01:20:28]} {[%emt 00:00:54]} a6 {[%clk 01:25:14]} {[%emt 00:01:18]}
13. Ne2 {[%clk 01:12:29]} {[%emt 00:08:28]} Qd6 {[%clk 01:22:56]} {[%emt
00:02:46]} 14. Ng3 {[%clk 01:12:13]} {[%emt 00:00:49]} Rfd8 {[%clk 01:22:16]}
{[%emt 00:01:07]} 15. Bc3 {[%clk 01:10:00]} {[%emt 00:02:46]} Rac8 {[%clk
01:19:48]} {[%emt 00:02:56]} 16. Rac1 {[%clk 01:07:43]} {[%emt 00:02:48]} b5
{[%clk 01:15:16]} {[%emt 00:05:02]} 17. Rfe1 {[%clk 01:01:47]} {[%emt
00:06:26]} Ba5 {[%clk 01:10:40]} {[%emt 00:05:04]} 18. b4 {[%clk 00:50:23]}
{[%emt 00:11:56]} Bc7 {[%clk 01:09:51]} {[%emt 00:01:17]} 19. Ne5 {[%clk
00:49:15]} {[%emt 00:01:40]} Nd7 {[%clk 01:07:30]} {[%emt 00:02:50]} 20. Nxc6
{[%clk 00:47:30]} {[%emt 00:02:17]} Qxc6 {[%clk 01:07:48]} {[%emt 00:00:12]}
21. f4 {[%clk 00:47:28]} {[%emt 00:00:33]} Qc4 {[%clk 00:59:52]} {[%emt
00:08:22]} 22. Qb1 {[%clk 00:46:55]} {[%emt 00:01:06]} Qc6 {[%clk 00:59:27]}
{[%emt 00:00:48]} 23. Qd3 {[%clk 00:40:30]} {[%emt 00:07:01]} Nb6 {[%clk
00:58:13]} {[%emt 00:01:43]} 24. Re2 {[%clk 00:40:08]} {[%emt 00:00:54]} Nc4
{[%clk 00:57:26]} {[%emt 00:01:15]} 25. Be1 {[%clk 00:40:15]} {[%emt 00:00:25]}
Qd7 {[%clk 00:55:22]} {[%emt 00:02:32]} 26. Rec2 {[%clk 00:40:10]} {[%emt
00:00:36]} Bb8 {[%clk 00:54:49]} {[%emt 00:01:00]} 27. Nf1 {[%clk 00:36:57]}
{[%emt 00:03:47]} Rc6 {[%clk 00:52:32]} {[%emt 00:02:39]} 28. Nd2 {[%clk
00:34:29]} {[%emt 00:03:06]} Rdc8 {[%clk 00:51:12]} {[%emt 00:01:49]} 29. Nxc4
{[%clk 00:32:21]} {[%emt 00:02:39]} Rxc4 {[%clk 00:50:10]} {[%emt 00:01:32]}
30. Rxc4 {[%clk 00:32:46]} {[%emt 00:00:05]} Rxc4 {[%clk 00:50:27]} {[%emt
00:00:14]} 31. Rxc4 {[%clk 00:33:12]} {[%emt 00:00:04]} dxc4 {[%clk 00:50:41]}
{[%emt 00:00:13]} 32. Qe4 {[%clk 00:33:14]} {[%emt 00:00:30]} Qd5 {[%clk
00:50:21]} {[%emt 00:00:43]} 33. Qxd5 {[%clk 00:32:28]} {[%emt 00:01:23]} exd5
{[%clk 00:50:43]} {[%emt 00:00:08]} 34. Kf2 {[%clk 00:32:50]} {[%emt 00:00:08]}
g6 {[%clk 00:50:06]} {[%emt 00:01:07]} 35. Kf3 {[%clk 00:32:50]} {[%emt
00:00:30]} f5 {[%clk 00:48:20]} {[%emt 00:02:17]} 36. g4 {[%clk 00:31:32]}
{[%emt 00:01:47]} Kf7 {[%clk 00:47:25]} {[%emt 00:01:24]} 37. g5 {[%clk
00:31:54]} {[%emt 00:00:09]} Kg7 {[%clk 00:47:00]} {[%emt 00:00:53]} 38. h4
{[%clk 00:32:13]} {[%emt 00:00:06]} h6 {[%clk 00:45:59]} {[%emt 00:01:39]} 39.
Kg2 {[%clk 00:32:25]} {[%emt 00:00:17]} h5 {[%clk 00:45:06]} {[%emt 00:01:22]}
40. Kf1 {[%clk 00:32:46]} {[%emt 00:00:10]} Bd6 {[%clk 00:45:26]} {[%emt
00:00:09]} 41. Ke2 {[%clk 00:33:08]} {[%emt 00:00:09]} Kf7 {[%clk 00:45:26]}
{[%emt 00:00:29]} 42. Kd2 {[%clk 00:33:22]} {[%emt 00:00:17]} Ke7 {[%clk
00:44:38]} {[%emt 00:01:18]} 43. Kc2 {[%clk 00:33:40]} {[%emt 00:00:12]} Kd7
{[%clk 00:44:58]} {[%emt 00:00:09]} 44. Kd1 {[%clk 00:34:01]} {[%emt 00:00:10]}
Kc7 {[%clk 00:44:58]} {[%emt 00:00:29]} 45. Kc2 {[%clk 00:34:27]} {[%emt
00:00:05]} Kb7 {[%clk 00:44:47]} {[%emt 00:00:39]} 46. Kb2 {[%clk 00:34:40]}
{[%emt 00:00:19]} Kb6 {[%clk 00:42:59]} {[%emt 00:00:53]} 47. Kc2 {[%clk
00:34:40]} Kb7 48. Kb2 Kb6 {[%clk 00:42:59]} {[%emt 00:00:02]} 49. Kc2 {[%clk
00:34:40]} 1/2-1/2

[Event "DVM U14 2022"]
[Site "Kelheim GER"]
[Date "2022.12.27"]
[Round "1"]
[White "Pimenov, Danil"]
[Black "Polzin, Gustav"]
[Result "0-1"]
[Termination "normal"]
[Board "5.1"]
[WhiteElo "1378"]
[BlackElo "1880"]
[WhiteClock "00:14:04"]
[BlackClock "00:37:55"]
[WhiteTeam "SC Borussia Lichtenberg"]
[BlackTeam "USV Halle"]
[PlyCount "90"]
[WhiteFideId "34600248"]
[BlackFideId "34603280"]
[EventCountry "GER"]
[EventRounds "7"]
[EventType "team-swiss"]
[EventDate "2022.12.26"]

1. e4 {[%clk 01:30:56]} {[%emt 00:00:04]} c6 {[%clk 01:30:30]} {[%emt
00:00:30]} 2. d4 {[%clk 01:31:20]} {[%emt 00:00:05]} d5 {[%clk 01:30:39]}
{[%emt 00:00:22]} 3. exd5 {[%clk 01:31:40]} {[%emt 00:00:10]} cxd5 {[%clk
01:30:59]} {[%emt 00:00:10]} 4. Bd3 {[%clk 01:32:05]} {[%emt 00:00:05]} Nc6
{[%clk 01:29:56]} {[%emt 00:01:33]} 5. c3 {[%clk 01:32:23]} {[%emt 00:00:12]}
Qc7 {[%clk 01:29:51]} {[%emt 00:00:35]} 6. h3 {[%clk 01:32:06]} {[%emt
00:00:48]} Nf6 {[%clk 01:28:43]} {[%emt 00:01:38]} 7. Nf3 {[%clk 01:32:25]}
{[%emt 00:00:11]} g6 {[%clk 01:25:30]} {[%emt 00:03:43]} 8. O-O {[%clk
01:32:35]} {[%emt 00:00:19]} Bf5 {[%clk 01:25:01]} {[%emt 00:01:00]} 9. Bxf5
{[%clk 01:32:43]} {[%emt 00:00:21]} gxf5 {[%clk 01:25:19]} {[%emt 00:00:12]}
10. Qe2 {[%clk 01:31:17]} {[%emt 00:01:55]} O-O-O {[%clk 01:22:28]} {[%emt
00:03:22]} 11. Ne5 {[%clk 01:30:08]} {[%emt 00:01:39]} Nxe5 {[%clk 01:19:44]}
{[%emt 00:03:15]} 12. dxe5 {[%clk 01:30:31]} {[%emt 00:00:06]} Ne4 {[%clk
01:19:26]} {[%emt 00:00:49]} 13. Be3 {[%clk 01:28:09]} {[%emt 00:02:51]} a6
{[%clk 01:15:15]} {[%emt 00:04:41]} 14. Nd2 {[%clk 01:26:44]} {[%emt 00:01:55]}
Bg7 {[%clk 01:10:02]} {[%emt 00:05:42]} 15. Nf3 {[%clk 01:25:53]} {[%emt
00:01:22]} Rhg8 {[%clk 01:04:17]} {[%emt 00:06:16]} 16. Bd4 {[%clk 01:22:50]}
{[%emt 00:03:32]} Bh6 {[%clk 00:53:10]} {[%emt 00:11:37]} 17. Nh4 {[%clk
01:16:39]} {[%emt 00:06:41]} e6 {[%clk 00:51:39]} {[%emt 00:02:01]} 18. Qh5
{[%clk 01:09:07]} {[%emt 00:08:02]} Bf4 {[%clk 00:46:58]} {[%emt 00:05:11]} 19.
Qe2 {[%clk 00:44:51]} {[%emt 00:24:45]} Rg7 {[%clk 00:36:40]} {[%emt 00:10:49]}
20. Rfd1 {[%clk 00:38:48]} {[%emt 00:06:32]} Rdg8 {[%clk 00:34:31]} {[%emt
00:02:40]} 21. f3 {[%clk 00:28:13]} {[%emt 00:11:05]} Qe7 {[%clk 00:31:06]}
{[%emt 00:03:54]} 22. fxe4 {[%clk 00:25:04]} {[%emt 00:03:39]} Qxh4 {[%clk
00:31:20]} {[%emt 00:00:17]} 23. Kf1 {[%clk 00:15:48]} {[%emt 00:09:46]} Rxg2
{[%clk 00:31:16]} {[%emt 00:00:34]} 24. Qxg2 {[%clk 00:16:08]} {[%emt
00:00:10]} Rxg2 {[%clk 00:31:29]} {[%emt 00:00:17]} 25. Kxg2 {[%clk 00:16:30]}
{[%emt 00:00:08]} Qg3 {[%emt 00:00:07]} 26. Kf1 {[%clk 00:16:46]} {[%emt
00:00:06]} fxe4 {[%clk 00:32:08]} {[%emt 00:00:22]} 27. b4 {[%clk 00:12:02]}
{[%emt 00:05:14]} Qxh3 {[%clk 00:32:05]} {[%emt 00:00:33]} 28. Ke2 {[%clk
00:10:53]} {[%emt 00:01:39]} Qg2 {[%clk 00:32:17]} {[%emt 00:00:18]} 29. Bf2
{[%clk 00:10:59]} {[%emt 00:00:23]} Qf3 {[%clk 00:32:33]} {[%emt 00:00:14]} 30.
Ke1 {[%clk 00:11:12]} {[%emt 00:00:17]} e3 {[%clk 00:32:49]} {[%emt 00:00:15]}
31. Bxe3 {[%clk 00:11:31]} {[%emt 00:00:11]} Bxe3 {[%clk 00:33:08]} {[%emt
00:00:10]} 32. Rd2 {[%clk 00:11:21]} {[%emt 00:00:41]} Bxd2 {[%clk 00:33:12]}
{[%emt 00:00:27]} 33. Kxd2 {[%clk 00:11:44]} {[%emt 00:00:05]} h5 {[%clk
00:33:36]} {[%emt 00:00:07]} 34. Re1 {[%clk 00:12:00]} {[%emt 00:00:13]} h4
{[%clk 00:33:56]} {[%emt 00:00:11]} 35. Re3 {[%clk 00:12:13]} {[%emt 00:00:17]}
Qf2 {[%clk 00:34:15]} {[%emt 00:00:09]} 36. Re2 {[%clk 00:12:34]} {[%emt
00:00:10]} Qf4 {[%clk 00:34:37]} {[%emt 00:00:09]} 37. Ke1 {[%clk 00:12:54]}
{[%emt 00:00:10]} h3 {[%clk 00:35:02]} {[%emt 00:00:05]} 38. Rf2 {[%clk
00:12:59]} {[%emt 00:00:25]} Qe3 {[%clk 00:35:21]} {[%emt 00:00:11]} 39. Kf1
{[%clk 00:13:15]} {[%emt 00:00:14]} Qc1 {[%clk 00:35:39]} {[%emt 00:00:11]} 40.
Ke2 {[%clk 00:13:07]} {[%emt 00:00:39]} h2 {[%clk 00:36:02]} {[%emt 00:00:07]}
41. Rxh2 {[%clk 00:12:51]} {[%emt 00:00:45]} Qc2 {[%clk 00:36:27]} {[%emt
00:00:06]} 42. Ke3 {[%clk 00:13:16]} {[%emt 00:00:05]} Qxh2 {[%clk 00:36:45]}
{[%emt 00:00:12]} 43. Kd4 {[%clk 00:13:37]} {[%emt 00:00:08]} Qd2 {[%clk
00:37:09]} {[%emt 00:00:07]} 44. Kc5 {[%clk 00:13:58]} {[%emt 00:00:09]} Kc7
{[%clk 00:37:33]} {[%emt 00:00:05]} 45. c4 {[%clk 00:14:04]} {[%emt 00:00:25]}
Qe3# {[%clk 00:37:55]} {[%emt 00:00:07]} 0-1

[Event "DVM U14 2022"]
[Site "Kelheim GER"]
[Date "2022.12.27"]
[Round "1"]
[White "Patzschke, Carlo"]
[Black "Maltsev, Mark"]
[Result "1-0"]
[Termination "normal"]
[Board "5.2"]
[WhiteElo "1600"]
[BlackElo "1428"]
[WhiteClock "00:16:18"]
[BlackClock "00:19:53"]
[WhiteTeam "USV Halle"]
[BlackTeam "SC Borussia Lichtenberg"]
[PlyCount "63"]
[WhiteFideId "34617973"]
[BlackFideId "34117806"]
[EventCountry "GER"]
[EventRounds "7"]
[EventType "team-swiss"]
[EventDate "2022.12.26"]

1. c4 {[%clk 01:30:58]} {[%emt 00:00:02]} e5 {[%clk 01:30:51]} {[%emt
00:00:11]} 2. g3 {[%clk 01:31:22]} {[%emt 00:00:05]} Nf6 {[%clk 01:30:19]}
{[%emt 00:01:01]} 3. Bg2 {[%clk 01:31:42]} {[%emt 00:00:09]} Bc5 {[%clk
01:27:50]} {[%emt 00:03:00]} 4. Nc3 {[%clk 01:31:33]} {[%emt 00:00:39]} d6
{[%clk 01:24:15]} {[%emt 00:04:05]} 5. d3 {[%clk 01:29:56]} {[%emt 00:02:07]}
c6 {[%clk 01:19:58]} {[%emt 00:04:47]} 6. Nf3 {[%clk 01:25:04]} {[%emt
00:05:23]} Bf5 {[%clk 01:14:44]} {[%emt 00:05:44]} 7. e4 {[%clk 01:22:23]}
{[%emt 00:03:10]} Bg4 {[%clk 01:14:00]} {[%emt 00:01:13]} 8. h3 {[%clk
01:21:06]} {[%emt 00:01:48]} Bxf3 {[%clk 01:13:16]} {[%emt 00:01:15]} 9. Qxf3
{[%clk 01:21:17]} {[%emt 00:00:18]} h6 {[%clk 01:10:35]} {[%emt 00:03:11]} 10.
O-O {[%clk 01:20:32]} {[%emt 00:01:16]} O-O {[%clk 01:08:07]} {[%emt 00:02:58]}
11. Be3 {[%clk 01:16:07]} {[%emt 00:04:55]} Nbd7 {[%clk 01:01:40]} {[%emt
00:06:57]} 12. Rab1 {[%clk 01:12:37]} {[%emt 00:04:00]} Qa5 {[%clk 00:48:43]}
{[%emt 00:13:26]} 13. Bxc5 {[%clk 00:59:27]} {[%emt 00:13:40]} dxc5 {[%clk
00:47:20]} {[%emt 00:01:53]} 14. a3 {[%clk 00:56:02]} {[%emt 00:03:56]} Rfd8
{[%clk 00:45:42]} {[%emt 00:02:07]} 15. Qe3 {[%clk 00:49:00]} {[%emt 00:07:31]}
Ne8 {[%clk 00:40:03]} {[%emt 00:06:09]} 16. Ne2 {[%clk 00:42:07]} {[%emt
00:07:23]} Nc7 {[%clk 00:38:07]} {[%emt 00:02:26]} 17. f4 {[%clk 00:33:24]}
{[%emt 00:09:13]} Ne6 {[%clk 00:37:09]} {[%emt 00:01:28]} 18. f5 {[%clk
00:32:43]} {[%emt 00:01:11]} Nd4 {[%clk 00:37:00]} {[%emt 00:00:41]} 19. Nxd4
{[%clk 00:33:02]} {[%emt 00:00:10]} cxd4 {[%clk 00:37:11]} {[%emt 00:00:18]}
20. Qc1 {[%clk 00:31:46]} {[%emt 00:01:46]} Qa6 {[%clk 00:34:47]} {[%emt
00:02:54]} 21. b4 {[%clk 00:30:52]} {[%emt 00:01:25]} Rac8 {[%clk 00:33:11]}
{[%emt 00:02:06]} 22. g4 {[%clk 00:27:25]} {[%emt 00:03:56]} Nb6 {[%clk
00:29:04]} {[%emt 00:04:36]} 23. f6 {[%clk 00:26:01]} {[%emt 00:01:55]} Na4
{[%clk 00:28:34]} {[%emt 00:01:01]} 24. fxg7 {[%clk 00:25:41]} {[%emt
00:00:49]} Kxg7 {[%clk 00:25:54]} {[%emt 00:03:11]} 25. g5 {[%clk 00:25:24]}
{[%emt 00:00:46]} Nc3 {[%clk 00:25:25]} {[%emt 00:01:00]} 26. gxh6 {[%clk
00:24:36]} {[%emt 00:01:17]} Kg6 {[%clk 00:22:05]} {[%emt 00:03:49]} 27. Rb2
{[%clk 00:19:33]} {[%emt 00:05:34]} Qxa3 {[%clk 00:21:42]} {[%emt 00:00:59]}
28. Qd2 {[%clk 00:18:31]} {[%emt 00:01:26]} Rd6 {[%clk 00:19:12]} {[%emt
00:03:01]} 29. h4 {[%clk 00:15:27]} {[%emt 00:03:33]} Rg8 {[%clk 00:19:17]}
{[%emt 00:00:25]} 30. Qg5 {[%clk 00:15:30]} {[%emt 00:00:27]} Kh7 {[%clk
00:19:34]} {[%emt 00:00:13]} 31. Rxf7 {[%clk 00:15:56]} {[%emt 00:00:04]} Kh8
{[%clk 00:19:53]} {[%emt 00:00:11]} 32. Qxe5 {[%clk 00:16:18]} {[%emt
00:00:07]} 1-0

[Event "DVM U14 2022"]
[Site "Kelheim GER"]
[Date "2022.12.27"]
[Round "1"]
[White "von Malotky, Mads"]
[Black "Lischka, Marten"]
[Result "1-0"]
[Termination "normal"]
[Board "5.3"]
[WhiteElo "1260"]
[BlackElo "1598"]
[WhiteClock "00:31:42"]
[BlackClock "00:28:05"]
[WhiteTeam "SC Borussia Lichtenberg"]
[BlackTeam "USV Halle"]
[PlyCount "83"]
[WhiteFideId "34626476"]
[BlackFideId "34603328"]
[EventCountry "GER"]
[EventRounds "7"]
[EventType "team-swiss"]
[EventDate "2022.12.26"]

1. e4 {[%clk 01:30:57]} {[%emt 00:00:03]} e5 {[%clk 01:30:53]} {[%emt
00:00:08]} 2. Nc3 {[%clk 01:31:19]} {[%emt 00:00:08]} Nf6 {[%clk 01:27:36]}
{[%emt 00:03:45]} 3. f4 {[%clk 01:31:28]} {[%emt 00:00:21]} d6 {[%clk
01:25:14]} {[%emt 00:02:53]} 4. Nf3 {[%clk 01:30:45]} {[%emt 00:01:13]} Nc6
{[%clk 01:20:44]} {[%emt 00:05:00]} 5. Bc4 {[%clk 01:26:12]} {[%emt 00:05:03]}
Bg4 {[%clk 01:16:04]} {[%emt 00:05:09]} 6. d3 {[%clk 01:22:39]} {[%emt
00:04:03]} Be7 {[%clk 01:13:33]} {[%emt 00:03:02]} 7. h3 {[%clk 01:20:29]}
{[%emt 00:02:40]} Bxf3 {[%clk 01:12:43]} {[%emt 00:01:20]} 8. Qxf3 {[%clk
01:19:24]} {[%emt 00:01:34]} Nd4 {[%clk 01:08:11]} {[%emt 00:05:03]} 9. Qf2
{[%clk 01:16:53]} {[%emt 00:03:00]} a6 {[%clk 01:03:26]} {[%emt 00:05:16]} 10.
a4 {[%clk 01:14:56]} {[%emt 00:02:26]} c6 {[%clk 00:59:08]} {[%emt 00:04:49]}
11. Be3 {[%clk 01:11:57]} {[%emt 00:03:28]} Qb6 {[%clk 00:44:09]} {[%emt
00:15:30]} 12. Nd1 {[%clk 01:03:16]} {[%emt 00:09:11]} c5 {[%clk 00:35:13]}
{[%emt 00:09:27]} 13. a5 {[%clk 00:52:37]} {[%emt 00:11:09]} Qc7 {[%clk
00:32:09]} {[%emt 00:03:34]} 14. Nc3 {[%clk 00:47:06]} {[%emt 00:06:00]} Nc6
{[%clk 00:22:31]} {[%emt 00:10:09]} 15. fxe5 {[%clk 00:43:02]} {[%emt
00:04:33]} Nxe5 {[%clk 00:21:25]} {[%emt 00:01:35]} 16. Nd5 {[%clk 00:42:04]}
{[%emt 00:01:27]} Qd8 {[%clk 00:20:37]} {[%emt 00:01:20]} 17. O-O {[%clk
00:34:22]} {[%emt 00:08:12]} Nxc4 {[%clk 00:18:34]} {[%emt 00:02:33]} 18. dxc4
{[%clk 00:34:28]} {[%emt 00:00:23]} O-O {[%clk 00:18:10]} {[%emt 00:00:55]} 19.
Bf4 {[%clk 00:31:57]} {[%emt 00:03:00]} Nxd5 {[%clk 00:15:48]} {[%emt
00:02:54]} 20. cxd5 {[%clk 00:31:23]} {[%emt 00:01:03]} Bf6 {[%clk 00:16:09]}
{[%emt 00:00:09]} 21. c3 {[%clk 00:31:07]} {[%emt 00:00:46]} Re8 {[%clk
00:16:16]} {[%emt 00:00:23]} 22. Qf3 {[%clk 00:27:44]} {[%emt 00:03:52]} Qd7
{[%clk 00:12:38]} {[%emt 00:04:09]} 23. Rae1 {[%clk 00:19:16]} {[%emt
00:08:56]} Be5 {[%clk 00:11:55]} {[%emt 00:01:14]} 24. Qd3 {[%clk 00:13:13]}
{[%emt 00:06:33]} Qb5 {[%clk 00:08:57]} {[%emt 00:03:29]} 25. Qxb5 {[%clk
00:12:08]} {[%emt 00:01:35]} axb5 {[%clk 00:09:26]} {[%emt 00:00:01]} 26. Bxe5
{[%clk 00:12:24]} {[%emt 00:00:14]} Rxe5 {[%clk 00:09:16]} {[%emt 00:00:39]}
27. b4 {[%clk 00:12:22]} {[%emt 00:00:33]} c4 {[%clk 00:05:01]} {[%emt
00:04:46]} 28. Rf5 {[%clk 00:10:04]} {[%emt 00:02:48]} Rae8 {[%clk 00:05:07]}
{[%emt 00:00:24]} 29. Rxe5 {[%clk 00:10:14]} {[%emt 00:00:19]} Rxe5 {[%clk
00:05:37]} 30. Kf2 {[%clk 00:10:12]} {[%emt 00:00:32]} f5 {[%clk 00:05:02]}
{[%emt 00:01:05]} 31. Kf3 {[%clk 00:10:18]} {[%emt 00:00:23]} fxe4 {[%clk
00:04:47]} {[%emt 00:00:45]} 32. Rxe4 {[%clk 00:10:22]} {[%emt 00:00:25]} Rxd5
{[%clk 00:05:08]} {[%emt 00:00:09]} 33. Re7 {[%clk 00:07:54]} {[%emt 00:02:59]}
Rd3 {[%clk 00:05:30]} {[%emt 00:00:08]} 34. Ke4 {[%clk 00:08:10]} {[%emt
00:00:13]} Rxc3 {[%clk 00:05:39]} {[%emt 00:00:21]} 35. Rxb7 {[%clk 00:08:08]}
{[%emt 00:00:33]} Ra3 {[%clk 00:05:23]} {[%emt 00:00:46]} 36. Rd7 {[%clk
00:05:48]} {[%emt 00:02:49]} Ra4 {[%clk 00:03:46]} {[%emt 00:02:08]} 37. Kd4
{[%clk 00:05:05]} {[%emt 00:01:12]} Kf8 {[%clk 00:02:31]} {[%emt 00:01:45]} 38.
Rb7 {[%clk 00:03:32]} {[%emt 00:02:03]} Rxb4 {[%clk 00:01:13]} {[%emt
00:01:48]} 39. a6 {[%clk 00:03:39]} {[%emt 00:00:24]} c3 {[%clk 00:01:38]}
{[%emt 00:00:05]} 40. Kxc3 {[%clk 00:04:00]} {[%emt 00:00:08]} Rc4 {[%clk
00:02:07]} {[%emt 00:00:02]} 41. Kb3 {[%clk 00:01:25]} {[%emt 00:03:05]} Ra4
{[%clk 00:28:05]} {[%emt 00:04:31]} 42. a7 {[%clk 00:31:42]} {[%emt 00:00:13]}
1-0

[Event "DVM U14 2022"]
[Site "Kelheim GER"]
[Date "2022.12.27"]
[Round "1"]
[White "Knüpfer, Johannes"]
[Black "Borchert, Yuri"]
[Result "1-0"]
[Termination "normal"]
[Board "5.4"]
[WhiteElo "1242"]
[BlackElo "1182"]
[WhiteClock "00:20:33"]
[BlackClock "00:36:52"]
[WhiteTeam "USV Halle"]
[BlackTeam "SC Borussia Lichtenberg"]
[PlyCount "43"]
[WhiteFideId "34605967"]
[BlackFideId "34626468"]
[EventCountry "GER"]
[EventRounds "7"]
[EventType "team-swiss"]
[EventDate "2022.12.26"]

1. e4 {[%clk 01:30:57]} {[%emt 00:00:03]} d6 {[%clk 01:30:55]} {[%emt
00:00:06]} 2. d4 {[%clk 01:31:17]} {[%emt 00:00:10]} Nf6 {[%clk 01:31:19]}
{[%emt 00:00:06]} 3. Bd3 {[%clk 01:31:24]} {[%emt 00:00:23]} g6 {[%clk
01:31:18]} {[%emt 00:00:31]} 4. c3 {[%clk 01:31:33]} {[%emt 00:00:20]} Bg7
{[%clk 01:31:14]} {[%emt 00:00:34]} 5. Ne2 {[%clk 01:31:09]} {[%emt 00:00:56]}
O-O {[%clk 01:31:09]} {[%emt 00:00:34]} 6. h3 {[%clk 01:30:07]} {[%emt
00:01:33]} Nbd7 {[%clk 01:25:24]} {[%emt 00:06:14]} 7. Be3 {[%clk 01:28:22]}
{[%emt 00:02:14]} e5 {[%clk 01:23:56]} {[%emt 00:01:58]} 8. O-O {[%clk
01:26:54]} {[%emt 00:01:58]} b6 {[%clk 01:22:48]} {[%emt 00:01:39]} 9. Ng3
{[%clk 01:14:40]} {[%emt 00:12:44]} Bb7 {[%clk 01:18:29]} {[%emt 00:04:47]} 10.
Nd2 {[%clk 01:07:38]} {[%emt 00:07:34]} d5 {[%clk 01:11:48]} {[%emt 00:07:11]}
11. f4 {[%clk 00:57:04]} {[%emt 00:11:04]} dxe4 {[%clk 01:07:50]} {[%emt
00:04:27]} 12. Ndxe4 {[%clk 00:57:06]} {[%emt 00:00:28]} Nd5 {[%clk 01:05:01]}
{[%emt 00:03:17]} 13. Qd2 {[%clk 00:50:37]} {[%emt 00:07:01]} f5 {[%clk
01:00:01]} {[%emt 00:05:30]} 14. Ng5 {[%clk 00:44:23]} {[%emt 00:06:44]} Nxe3
{[%clk 00:54:43]} {[%emt 00:05:47]} 15. Qxe3 {[%clk 00:44:16]} {[%emt
00:00:37]} exf4 {[%clk 00:51:22]} {[%emt 00:03:52]} 16. Bc4 {[%clk 00:42:19]}
{[%emt 00:02:27]} Kh8 {[%clk 00:51:18]} {[%emt 00:00:34]} 17. Qxf4 {[%clk
00:42:40]} {[%emt 00:00:09]} Qf6 {[%clk 00:46:24]} {[%emt 00:05:23]} 18. Ne6
{[%clk 00:28:13]} {[%emt 00:14:58]} Rfc8 {[%clk 00:42:14]} {[%emt 00:04:38]}
19. Rae1 {[%clk 00:26:11]} {[%emt 00:02:33]} a6 {[%clk 00:39:51]} {[%emt
00:02:53]} 20. h4 {[%clk 00:20:08]} {[%emt 00:06:34]} Nf8 {[%clk 00:37:18]}
{[%emt 00:03:02]} 21. Ng5 {[%clk 00:20:09]} {[%emt 00:00:29]} Qc6 {[%clk
00:36:52]} {[%emt 00:00:53]} 22. Nf7 {[%clk 00:20:33]} {[%emt 00:00:10]} 1-0